Právna úprava likvidácie právnických osôb v podmienkach Slovenskej republiky diplomová práca

Salvato in:
Dettagli Bibliografici
Autore principale: Podmanický, Tomáš
Ente Autore: Obchodná fakulta EU. Katedra obchodného práva
Altri autori: Veterníková, Mária, 1964-
Natura: Libro
Lingua:slovacco
Pubblicazione: Bratislava 2022
Tags: Aggiungi Tag
Nessun Tag, puoi essere il primo ad aggiungerne!!

MARC

LEADER 00000nbm a2200000 4500
001 0284326
005 20221212121959.4
041 0 |a slo 
044 |a SK 
245 1 0 |a Právna úprava likvidácie právnických osôb v podmienkach Slovenskej republiky  |b diplomová práca  |c Tomáš Podmanický ; školiteľ: Mária Veterníková 
264 1 |a Bratislava  |c 2022 
300 |a 60 s. 
100 1 |a Podmanický, Tomáš 
700 1 |a Veterníková, Mária, 1964- 
710 2 |a Obchodná fakulta EU. Katedra obchodného práva